00346pab a2200121 454500008004000000100002100040245009100061260000900152300001100161362001500172650001800187773001900205180718b1983 xxu||||| |||| 00| 0 eng d aJones, J. Mervyn aOrganisational or victim needsbThe implications for a policing by objectives strategy c1983 a276-90 aJuly-Sept. aPolice - U.K. aPolice Journal